000 00673nam a2200205 i 4500
001 144503
003 ES-MaACL
005 20250805053405.0
007 t|
008 070214s1962 sp r ||||1| spa d
100 1 _aSix, Jean François.
_9106730
245 1 0 _aCarlos de Foucauld :
_bitinerario espiritual /
_cJean François Six ; versión española de Daniel Ruiz Bueno.
260 _aBarcelona :
_bHerder,
_c1962 (
_fAltés)
300 _a375 p. ;
_c24 cm.
504 _aBibliografía: p. [337]-361.
600 0 4 _aCarlos de Foucauld,
_cSanto,
_d1858-1916
_9165663
700 1 _aRuiz Bueno, Daniel.
_9100677
852 _aES-MaACL
_jC-21970
999 _c144503
_d144503